00439nam a2200157Ia 4500001000500000005001700005008004100022041000800063082001500071100003300086245010900119260000900228300002800237650000800265654000800273353720260306145650.0260306t2017||||xx |||||||||||||| ||spa|| aESP a288.4bF43 aFerrara, Christopher A.eAUT 0aLa iglesia y el liberalismo:b¿Es compatible la enseñanza social católica con la Escuela Austriaca? c2017 a559 páginas :c24 cm. aGEN aCHU